Statistics for Words that have AEIOU #4

Click here to take the quiz!

General Stats

  • This quiz has been taken 9 times
  • The average score is 8 of 16

Answer Stats

HintStarting
Letter
Answer% Correct
Doing flips where one does a complete revolution in the airSSomersaulting
89%
The manner of one's conduct (British spelling)BBehaviour
78%
One that is preferred or treated best (British spelling)FFavourite
78%
The restoration of a person from apparent death or unconsciousnessRResuscitation
78%
The process of verifying genuine identity, e.g., a person or artAAuthentication
56%
The public proclamation that something is evil or morally badDDenunciation
56%
The act of making gestures, especially to show strong feelingGGesticulation
56%
Extremely and obviously evil, impious, villainous, sinful, wickedNNefarious
56%
Showing disrespect towards a sacred person, place or thingSSacrilegious
56%
A claim brought by a defendant against a plaintiffCCounterclaim
44%
One who is placed in inferior position; in submission to authoritySSubordinate
44%
To alter to make greater or more intense; a supplement or upgradeAAugmentation
33%
To dishearten, to dissuade someone from doing somethingDDiscourage
33%
The tidying of an abode and the furniture thereinHHousecleaning
33%
The denial of people's natural born rights and traits; degradationDDehumanization
22%
The decomposition of organic matter, especially with a foul odourPPutrefaction
22%

Score Distribution

Percentile by Number Answered

Percent of People with Each Score

Your Score History

You have not taken this quiz